[Event "Challenge"]
[Site "http://www.queenalice.com/game.php?id=1456721"]
[Date "2016.12.27"]
[Round "-"]
[White "zubarev"]
[Black "eduardofelix"]
[Result "1-0"]
[WhiteElo "1820"]
[BlackElo "1886"]

1. d4 d5 2. Nf3 g6 3. Nc3 c6 4. e3 e6 5. Bd3 Bd6 6. O-O Nf6 7. Ne5 O-O 8. f4
Nfd7 9. Bd2 Nxe5 10. fxe5 Be7 11. Qf3 f6 12. exf6 Rxf6 13. Qg3 Bd6 14. Qe1 Rxf1+
15. Qxf1 b5 16. Qf3 Ba6 17. Rf1 Qe7 18. e4 b4 19. Ne2 dxe4 20. Bxe4 Bxe2 21.
Qxe2 a5 22. Bh6 Bxh2+ 23. Kh1 Bd6 24. Rf8+ Qxf8 25. Bxf8 Kxf8 26. Qf3+ Kg7 27.
Bxc6 Nxc6 28. Qxc6 Rd8 29. Qb6 Rf8 30. Qxd6 1-0

[Event "Challenge"]
[Site "http://www.queenalice.com/game.php?id=1456923"]
[Date "2016.12.28"]
[Round "-"]
[White "eduardofelix"]
[Black "clovis"]
[Result "0-1"]
[WhiteElo "1855"]
[BlackElo "2031"]

1. e4 e5 2. Nf3 Nc6 3. b3 Nf6 4. Nc3 Bc5 5. h3 O-O 6. Bc4 d6 7. Ng5 h6 8. Nxf7
Rxf7 9. Bxf7+ Kxf7 10. d3 Kg8 11. Qf3 Nd4 12. Qd1 Qe8 13. O-O Qg6 14. Nd5 Nxd5
15. g4 Nf4 16. Bxf4 exf4 17. c3 f3 18. cxd4 Bxg4 19. Kh2 Bxh3 20. Rg1 Bg2 21.
Qxf3 Bxf3 22. Rxg6 Bxd4 23. Rc1 Kf7 24. Rgg1 c5 25. b4 g5 26. b5 g4 27. Kg3 Kg6
28. Kf4 h5 29. a4 Bxf2 30. Rgf1 Rf8# 0-1

[Event "Challenge"]
[Site "http://www.queenalice.com/game.php?id=1459249"]
[Date "2017.1.12"]
[Round "-"]
[White "Wefferson44"]
[Black "eduardofelix"]
[Result "1-0"]
[WhiteElo "1920"]
[BlackElo "1831"]

1. e4 e5 2. Nf3 d6 3. h3 a6 4. Bc4 h6 5. Nc3 Nf6 6. d4 exd4 7. Nxd4 b5 8. Bb3 c5
9. Ndxb5 axb5 10. Nxb5 Nxe4 11. Qf3 f5 12. Qh5+ Ke7 13. Qf7# 1-0

[Event "Wefferson 3 x 1 Eduardo "]
[Site "http://www.queenalice.com/game.php?id=1462038"]
[Date "2017.1.30"]
[Round "-"]
[White "eduardofelix"]
[Black "Wefferson44"]
[Result "1-0"]
[WhiteElo "1826"]
[BlackElo "1966"]

1. e4 e5 2. Nf3 Qf6 3. h3 Bc5 4. Bc4 d6 5. a3 Qg6 6. g4 Qxe4+ 7. Be2 h5 8. d3
Qg6 9. g5 f6 10. h4 f5 11. d4 exd4 12. Nxd4 b6 13. Bf3 c6 14. Nxc6 Bb7 15. Qe2+
Kd7 16. Ne5+ 1-0

[Event "Wefferson 3 x 2 Eduardo"]
[Site "http://www.queenalice.com/game.php?id=1467664"]
[Date "2017.3.6"]
[Round "-"]
[White "Wefferson44"]
[Black "eduardofelix"]
[Result "0-1"]
[WhiteElo "1916"]
[BlackElo "1878"]

1. e4 e5 2. Bc4 Nf6 3. d3 h6 4. Nf3 c6 5. Nxe5 Qa5+ 6. Bd2 Qxe5 7. Bc3 Qe7 8.
Qf3 d5 9. Bb3 dxe4 10. Qg3 exd3+ 11. Be5 dxc2 12. Bxc2 Ng4 13. O-O Nxe5 14. Nc3
Qg5 15. Qe3 Qxe3 0-1

[Event "Challenge"]
[Site "http://www.queenalice.com/game.php?id=1469052"]
[Date "2017.3.16"]
[Round "-"]
[White "conan"]
[Black "eduardofelix"]
[Result "0-1"]
[WhiteElo "1782"]
[BlackElo "1885"]

1. e4 e5 2. a3 a6 3. b4 Nf6 4. f3 d5 5. exd5 Qxd5 6. c4 Qd4 7. Nc3 c5 8. Bb2 Qd7
9. g4 h6 10. h4 cxb4 11. Nd5 Nxd5 12. cxd5 Qxd5 13. axb4 Bxb4 14. Bc3 Bc5 15.
Qe2 O-O 16. Bg2 Bxg1 17. Rxg1 Qd7 18. Kf2 f6 19. h5 Qc7 20. Qe4 Nc6 21. Rgc1
Qb6+ 22. Kg3 f5 23. gxf5 Bxf5 24. Qd5+ Kh8 25. Bxe5 Nxe5 26. Qxe5 Qd8 27. f4
Qd3+ 28. Qe3 Qd7 29. Rc3 Rae8 30. Qc5 Qf7 31. Bf3 Be4 32. Ra4 Qxf4+ 33. Kf2 Qh2+
34. Ke3 Rxf3+ 35. Kd4 Qxd2+ 36. Kc4 Qxc3# 0-1

[Event "Wefferson  3 × 3  Eduardo"]
[Site "http://www.queenalice.com/game.php?id=1477640"]
[Date "2017.5.11"]
[Round "-"]
[White "eduardofelix"]
[Black "Wefferson44"]
[Result "1-0"]
[WhiteElo "1921"]
[BlackElo "1934"]

1. e4 e5 2. Nf3 Qf6 3. d3 h6 4. a3 Bc5 5. c3 g5 6. h3 d6 7. d4 exd4 8. cxd4 Bb6
9. e5 dxe5 10. dxe5 Qe7 11. Bc4 Nc6 12. Qe2 Be6 13. b3 O-O-O 14. Bb2 g4 15. hxg4
Bxg4 16. Qe4 Bxf3 17. gxf3 Bd4 18. Bxd4 Nxd4 19. Nd2 Qd7 20. O-O-O f5 21. Qe3
Qc6 22. Kb2 b5 23. Bd3 Ne7 24. f4 Qb6 25. Nf3 b4 26. a4 Nxf3 27. Qxf3 Nd5 28.
Bxf5+ Kb8 29. Be4 Nc3 30. Rxd8+ Rxd8 31. Bc2 Qd4 32. Kc1 Rh8 33. e6 c5 34. Qe3
Qd6 35. Bg6 Qe7 36. f5 Nd5 37. Qe5+ Nc7 38. Qxh8+ Kb7 39. Qxh6 Qf6 40. Qe3 Qa1+
41. Kd2 Qxh1 42. e7 Qd5+ 43. Qd3 Qe5 44. Qe3 Qb2+ 45. Ke1 Qb1+ 46. Ke2 Qb2+ 47.
Kf3 Kc6 48. Qe6+ Nxe6 49. e8=Q+ 1-0

[Event "Challenge"]
[Site "http://www.queenalice.com/game.php?id=1478311"]
[Date "2017.5.16"]
[Round "-"]
[White "conan"]
[Black "eduardofelix"]
[Result "0-1"]
[WhiteElo "1756"]
[BlackElo "1900"]

1. e4 e5 2. a3 a6 3. a4 b6 4. Bc4 Nf6 5. f3 d5 6. exd5 Nxd5 7. Bxd5 Qxd5 8. d3
Bf5 9. g4 Bxg4 10. c4 Bb4+ 11. Nc3 Bxc3+ 12. bxc3 Qc6 13. Qe2 O-O 14. Ba3 Re8
15. Qe4 Qxe4+ 16. dxe4 Be6 17. c5 b5 18. a5 f5 19. O-O-O fxe4 20. fxe4 Nc6 21.
Bb4 h5 22. Nf3 Bg4 23. Rd3 Rad8 24. Rxd8 Rxd8 25. Ng5 Nxb4 26. cxb4 Rd4 27. h3
Bd7 28. Rf1 Rxb4 29. Rd1 Rd4 30. Rxd4 exd4 31. Kc2 b4 32. Nf3 Bxh3 33. Nxd4 Bg2
34. Kb3 Bxe4 35. Kxb4 h4 36. Ne2 h3 37. Ng3 h2 38. Kc4 h1=Q 39. Nxh1 Bxh1 40.
Kd4 Kh7 41. Ke5 g5 42. Kf5 Kh6 43. Kg4 Bc6 44. Kg3 Kh5 45. Kh3 g4+ 46. Kg3 Kg5
47. Kh2 Kh4 48. Kg1 Kh3 49. Kf2 Kh2 50. Kf1 g3 51. Ke2 g2 52. Kf2 g1=Q+ 53. Ke2
Be4 54. Kd2 Qf2+ 0-1

[Event "Challenge"]
[Site "http://www.queenalice.com/game.php?id=1480407"]
[Date "2017.5.31"]
[Round "-"]
[White "eduardofelix"]
[Black "conan"]
[Result "0-1"]
[WhiteElo "1912"]
[BlackElo "1741"]

1. e4 e5 2. c3 c5 3. Nf3 f6 4. a3 a5 5. d4 cxd4 6. cxd4 d6 7. d5 Bd7 8. h3 g5 9.
Qb3 Qc7 10. Bc4 Na6 11. Nfd2 Nc5 12. Qf3 h5 13. Nc3 g4 14. hxg4 hxg4 15. Qg3
Rxh1+ 16. Bf1 f5 17. f3 Nd3+ 18. Kd1 f4 0-1

[Event "Challenge"]
[Site "http://www.queenalice.com/game.php?id=1481554"]
[Date "2017.6.8"]
[Round "-"]
[White "eduardofelix"]
[Black "legorille"]
[Result "0-1"]
[WhiteElo "1938"]
[BlackElo "1748"]

1. e4 e5 2. c3 Nf6 3. Bd3 Bc5 4. h3 O-O 5. b4 Be7 6. Nf3 Nc6 7. O-O d6 8. b5 Nb8
9. a4 Nbd7 10. Bc4 h6 11. d3 Nc5 12. Be3 Ne6 13. a5 Bd7 14. a6 b6 15. Bb3 Bxb5
16. Bxe6 fxe6 17. Qb3 Bxd3 18. Qxe6+ Kh8 19. Rd1 Bxe4 20. Nxe5 Qe8 21. Ng4 Nxg4
22. Qxe4 Nxe3 23. Qxe3 Bg5 24. Qxe8 Raxe8 25. g3 Re2 26. f4 Bf6 27. Ra4 Rfe8 28.
Rf1 Re1 29. Ra1 R1e3 30. Rc1 Re1+ 31. Rxe1 Rxe1+ 32. Kf2 Rc1 33. Ra4 Bxc3 34.
Nxc3 Rxc3 35. f5 c5 36. h4 d5 37. g4 d4 38. Ke2 Rh3 39. h5 Rg3 40. Ra1 Rxg4 41.
Rb1 Rf4 42. Rf1 Rxf1 43. Kxf1 Kg8 44. Ke2 Kf7 45. Kf3 Kf6 46. Kf4 d3 47. Ke3 c4
48. Kd4 b5 49. Kc3 Kxf5 0-1

[Event "Challenge"]
[Site "http://www.queenalice.com/game.php?id=1481555"]
[Date "2017.6.8"]
[Round "-"]
[White "eduardofelix"]
[Black "Bategoll"]
[Result "1-0"]
[WhiteElo "1889"]
[BlackElo "1745"]

1. e4 e5 2. Nf3 d5 3. c3 dxe4 4. Qa4+ c6 5. Qxe4 f6 6. d4 Qe7 7. dxe5 Nd7 8. Bf4
fxe5 9. Nxe5 Nxe5 10. Bxe5 Nf6 11. Qe2 Bd7 12. Nd2 Ng4 13. Bg3 O-O-O 14. Qxe7
Bxe7 15. h3 Nf6 16. Bf4 Bf5 17. Be2 Bd6 18. Bg5 Rde8 19. Be3 Kb8 20. a4 Ne4 21.
Nxe4 Bxe4 22. O-O h6 23. Rfd1 Be5 24. a5 a6 25. Bd4 g5 26. Bh5 Re7 27. f3 Bxf3
28. Bxf3 Bxd4+ 29. Rxd4 Rf8 30. Rb4 Re6 31. Bg4 Re5 32. Bf3 Re6 33. Re4 Rd6 34.
b4 Rd3 35. Rc1 Rfd8 36. Re6 1-0

[Event "Challenge"]
[Site "http://www.queenalice.com/game.php?id=1481556"]
[Date "2017.6.8"]
[Round "-"]
[White "eduardofelix"]
[Black "ricardoaurelio"]
[Result "1-0"]
[WhiteElo "1920"]
[BlackElo "1870"]

1. e4 e5 2. Nf3 Nc6 3. b3 d6 4. Bb2 Nf6 5. d3 Be6 6. d4 Nxe4 7. d5 Bxd5 8. Qxd5
f5 9. Bc4 Qf6 10. Bb5 Kd7 11. Bxc6+ bxc6 12. Qd3 Re8 13. O-O Nc5 14. Qe3 g6 15.
a4 a5 16. Qe1 Nb7 17. Nbd2 Qf7 18. Nc4 Bg7 19. Ng5 Qf6 20. Nf3 Qf7 21. Nxa5 Nxa5
22. Qxa5 e4 23. Bxg7 Qxg7 24. Nd2 e3 25. Nc4 exf2+ 26. Kh1 Re2 27. Rad1 Qe7 28.
Qa7 c5 29. Nxd6 Re1 30. Nxf5+ Ke6 31. Nxe7 Rd8 32. Rdxe1+ fxe1=Q 33. Rxe1+ 1-0

[Event "Brasileiro1"]
[Site "http://www.queenalice.com/game.php?id=1482100"]
[Date "2017.6.13"]
[Round "1"]
[White "eduardofelix"]
[Black "Wefferson44"]
[Result "0-1"]
[WhiteElo "1911"]
[BlackElo "2041"]

1. e4 d5 2. c3 e6 3. e5 Bc5 4. d4 Bb6 5. b4 a5 6. b5 c6 7. a4 c5 8. Nf3 c4 9.
Bg5 f6 10. exf6 Nxf6 11. Bf4 h6 12. Bxb8 Rxb8 13. Ne5 Bc7 14. Ng6 Rg8 15. Ne5
Bxe5 16. dxe5 Ne4 17. g3 Qb6 18. Qe2 Rf8 19. f3 Nc5 20. Qe3 Qc7 21. Nd2 b6 22.
Be2 Bb7 23. O-O g5 24. f4 Qg7 25. h3 Kd7 26. fxg5 hxg5 27. g4 Rh8 28. Bxc4 dxc4
29. Nxc4 Bd5 30. Nd6 Rbf8 31. Rad1 Kc7 32. Rxf8 Rxf8 33. c4 Rf3 34. cxd5 Rxe3
35. Ne8+ Kd7 36. Nxg7 Rxe5 37. dxe6+ Ke7 38. Rd4 Kf6 39. Nh5+ Kxe6 40. Kf2 Rd5
41. Rc4 Rd3 42. Ng3 Kd5 43. Rc1 Ra3 44. Rd1+ Kc4 45. Ne2 Rxh3 46. Rd4+ Kb3 47.
Nc1+ Kc3 48. Rd5 Kb4 49. Rd4+ Kc3 50. Ne2+ Kb3 51. Nc1+ Kc2 52. Ne2 Ra3 53. Ng3
Rxa4 54. Rxa4 Nxa4 55. Ne4 Nc3 56. Nxg5 a4 57. Nf3 a3 58. Nd4+ Kb2 59. g5 a2 60.
g6 a1=Q 61. g7 Qa8 62. Nf5 Qg8 63. Kf3 Nxb5 64. Kg4 Nc7 65. Kg5 Ne6+ 66. Kg6
Nxg7 67. Nxg7 b5 68. Kf6 b4 0-1

[Event "Challenge"]
[Site "http://www.queenalice.com/game.php?id=1482383"]
[Date "2017.6.14"]
[Round "-"]
[White "conan"]
[Black "eduardofelix"]
[Result "0-1"]
[WhiteElo "1767"]
[BlackElo "1900"]

1. e4 e5 2. c3 Nf6 3. f3 a6 4. a4 d5 5. d3 dxe4 6. dxe4 Qxd1+ 7. Kxd1 Bd7 8. a5
Be7 9. Bg5 h6 10. Bxf6 Bxf6 11. Bc4 Nc6 12. b4 O-O-O 13. Nd2 Bg5 14. h4 Bxd2 15.
Kxd2 Be6+ 16. Bd5 Nxb4 17. cxb4 c6 18. Rc1 Kb8 19. Ke3 cxd5 20. Ne2 d4+ 21. Kd3
Rc8 22. Rxc8+ Rxc8 23. Rc1 f5 24. Rxc8+ Bxc8 25. Ng3 f4 26. Nf5 Bxf5 27. exf5
Kc7 28. Ke4 Kd6 29. h5 Kc6 0-1